000 00559nam a2200193Ia 4500
003 LK-CoDNM
008 010623t1988 xxu||||| |||| 00| 1 sin d
040 _aLK-CoDNM
_dLK-CoDNM
_eLK-CoDNM
041 _asin
080 _a294.32[49]
100 _aSri Kalyana Dharma Granthakara Mandalaya
245 _aබුදු දහමේ අධ්‍යාත්මය
246 _aBudu Dahame Adyathmaya
260 _bSri Kalyana Dharma Granthakara Mandalaya
_c1988
300 _b77p, 21 cm
500 _aGrantha MalaNo.1
650 _aBuddhism
942 _cBK
999 _c114084
_d114084